000
00307nam a22001337a 4500
008
170609b xxu||||| |||| 00| 0 eng d
020
_a
9780833034601
041
_a
eng
080
_a
94(100)
100
_a
18
101
_a
SHH
245
_a
AMERICA'S ROLE IN NATION-BUILDING
_c
DOBBINS,J
942
_2
udc
_c
BK
999
_c
16731
_d
16731